| 000 | 01290cam a2200373 a 4500 | ||
|---|---|---|---|
| 001 | 6341 | ||
| 003 | FISKH | ||
| 005 | 20250423081346.0 | ||
| 008 | 110110s2011 nyua b 000 1 eng | ||
| 010 | _a 2010050514 | ||
| 020 | _a9780061574351 (trade bdg.) | ||
| 020 | _a9780061430183 (pbk. bdg.) | ||
| 020 | _a9780545402774 | ||
| 040 |
_aDLC _cDLC _dDLC _beng |
||
| 050 | _aPZ7 | ||
| 082 | _a813.6 | ||
| 100 | 1 | _aGreenhut, Josh. | |
| 245 | 1 | 4 |
_aThe Australian boomerang bonanza / _ccreated by Jeff Brown ; written by Josh Greenhut ; pictures by Macky Pamintuan. |
| 260 |
_aNew York : _bHarper, _c2011. |
||
| 300 |
_a87 pages : _billustrations ; _c20 cm |
||
| 490 | 0 |
_aFlat Stanley's worldwide adventures ; _vBook 8 |
|
| 505 | _aP | ||
| 520 | _aWhen his brother uses him as a boomerang on a beach near the Great Barrier Reef, the wind takes Flat Stanley halfway across Australia to the Outback. | ||
| 521 |
_a640
_bLexile |
||
| 521 |
_aP
_bRaz-Plus |
||
| 650 | 1 |
_aAdventure and adventurers _vFiction. |
|
| 650 | 1 |
_aBrothers _vFiction. |
|
| 651 | 1 |
_aAustralia _vFiction. |
|
| 700 | 1 |
_aBrown, Jeff, _d1926-2003. _eAuthor |
|
| 700 | 1 |
_aPamintuan, Macky, _eillustrator |
|
| 906 |
_a7 _bcbc _corignew _d1 _eecip _f20 _gy-gencatlg |
||
| 942 |
_2ddc _cBK _n0 |
||
| 999 |
_c6341 _d6341 |
||